Länder, die gar keine (echten) Länder sind - Statistiken

Allgemein
  • Dieses Quiz wurde 1.177 mal gespielt
  • Das Durchschnittsergebnis liegt bei 5 aus 7
Antwortstatistiken
Hint Antwort % Korrekt
Hier erlebt Alice Abenteuer Wunderland
93%
Freizeitkomplex in der Nähe von Paris Disneyland
91%
Unternehmen des Lebensmitteleinzelhandels Kaufland
86%
Millionenstadt in Norditalien Mailand
83%
Freizeitpark bei Billund, Dänemark Legoland
73%
Single und Album von PUR Abenteuerland
61%
Größtes Obstbaugebiet Nordeuropas bei Hamburg Altes Land
18%
Keine übereinstimmenden Quizze gefunden
Verteilung der Resultate
Anzahl Personen mit jedem Resultat
Perzentil nach korrekt beantworteten Fragen
Ihre Resultats-Entwicklung
Sie haben dieses Quiz noch nicht gespielt